Estadísticas para Dictadores

Haz click aquí para tomar la prueba!

Estadísticas generales

  • Esta prueba ha sido tomada 2,294 veces
  • La puntuación promedio es 14 de 22

Estadísticas de respuestas

Dictador País % Correcto
Adolf HitlerAlemania
100%
Benito MussoliniItalia
98%
Fidel CastroCuba
96%
Kim Jong-IlCorea del Norte
96%
Mao ZedongChina
95%
Napoleon BonaparteFrancia
91%
Augusto PinochetChile
90%
Francisco FrancoEspaña
86%
Saddam HusseinIrak
76%
Muammar al-GaddafiLibia
70%
Hosni MubarakEgipto
59%
Manuel NoriegaPanamá
54%
Nicolae CeausescuRumania
53%
Josip Broz TitoYugoslavia
52%
François "Papa Doc" DuvalierHaití
40%
Leonid BrézhnevUnión Soviética
38%
Ferdinand MarcosFilipinas
34%
Rafael TrujilloRepública Dominicana
31%
Idi AminUganda
30%
Roberto MugabeZimbabue
28%
SilaRoma
26%
Mobutu Sese SekoZaire
18%

Distribución de puntuación

Porcentaje por número respondido

Porcentaje de gente con cada puntuación

Historial de tus puntuaciones

No has tomado esta prueba